Language Quiz

Random Language or German Quiz

Intermediate German Verbs in Perfekt Quiz Stats

 Plays Quiz not verified by Sporcle

Score 0/96 Timer 20:00
0 Plays Today
Infinitive Perfekt % Correct
????
99.5%
????
80.4%
????
78.5%
????
78.1%
????
68%
????
66.7%
????
66.2%
????
65.3%
????
63.5%
????
62.6%
????
54.8%
????
49.3%
????
48.4%
????
47.9%
????
47.9%
????
47%
????
47%
????
46.6%
????
46.1%
????
46.1%
????
46.1%
????
45.7%
????
45.7%
????
45.7%
????
45.7%
????
45.2%
????
43.4%
????
42%
????
42%
????
42%
????
42%
????
41.6%
Infinitive Perfekt % Correct
????
40.6%
????
39.7%
????
39.7%
????
39.3%
????
39.3%
????
38.8%
????
38.4%
????
37.9%
????
36.5%
????
36.5%
????
36.1%
????
36.1%
????
36.1%
????
36.1%
????
36.1%
????
36.1%
????
35.6%
????
35.6%
????
35.6%
????
35.2%
????
34.7%
????
34.2%
????
34.2%
????
34.2%
????
34.2%
????
34.2%
????
33.8%
????
33.3%
????
33.3%
????
32.9%
????
32.9%
????
32.9%
Infinitive Perfekt % Correct
????
32.9%
????
32.4%
????
32.4%
????
32.4%
????
32.4%
????
31.1%
????
31.1%
????
30.1%
????
30.1%
????
30.1%
????
29.7%
????
29.2%
????
29.2%
????
29.2%
????
28.3%
????
27.9%
????
27.9%
????
27.9%
????
27.9%
????
27.4%
????
27.4%
????
27.4%
????
27.4%
????
27.4%
????
27.4%
????
27.4%
????
27.4%
????
27.4%
????
27.4%
????
27.4%
????
27.4%
????
26.5%

You're not logged in!

Compare scores with friends on all Sporcle quizzes.
OR
Log In

Show Comments

Extras

Top Quizzes Today


Score Distribution

Your Account Isn't Verified!

In order to create a playlist on Sporcle, you need to verify the email address you used during registration. Go to your Sporcle Settings to finish the process.

Report this User

Report this user for behavior that violates our Community Guidelines.

Details: